An introduction to celestial mechanics

Na minha lista:
Detalhes bibliográficos
Autor principal: Sterne, Theodore E (Author)
Formato: Livro
Idioma:inglês
Publicado em: Nueva York Interscience 1960
Edição:1a. ed
Colecção:Interscience Tracts on Physics and Astronomy, 9
Assuntos:
Tags: Adicionar Tag
Sem tags, seja o primeiro a adicionar uma tag!

MARC

LEADER 00000nam a2200000 a 4500
001 UCG0464
003 CL-VaPUC
008 100325e19600000US |||||||||||||||||eng|d
082 0 4 |a 521  |b STE  |2 21 
100 0 |a Sterne, Theodore E  |e author  |9 547883 
245 1 3 |a An introduction to celestial mechanics 
250 |a 1a. ed 
300 |a 206 p 
942 |c BK 
945 |d 20100325 00:00:00  |a cmena 
260 |a Nueva York  |b Interscience  |c 1960 
650 7 |a MECANICA CELESTE  |2 CL-VaPUC  |9 269941 
650 0 |a Astronomía  |9 260985 
650 0 |a Gravitación   |9 332312 
583 |a last modification  |c 20121217 08:56:27  |k Rodrigo Vera 
490 0 |a Interscience Tracts on Physics and Astronomy, 9 
999 |c 340087  |d 340085 
952 |0 0  |1 0  |4 0  |6 521_000000000000000_STE_1960  |7 0  |8 A  |9 434565  |a BIBCUR  |b BIBCUR  |d 2019-11-22  |i 4535804  |o 521 STE 1960  |p 4535804  |r 2025-04-22  |w 2019-11-22  |y BK  |k FIS